[Event "Kishinev op"]
[Site "Kishinev"]
[Date "2014.01.20"]
[Round "3"]
[White "Ianocichin, Victor"]
[Black "Slanina, Laurentiu"]
[Result "1-0"]
[WhiteElo "2146"]
[BlackElo "1683"]
[PlyCount "61"]
[EventDate "2014.01.18"]
[EventType "swiss"]
[EventRounds "9"]
[EventCountry "MDA"]
[SourceTitle "EXT 2016"]
[Source "ChessBase"]
[SourceDate "2015.10.08"]
[SourceVersion "1"]
[SourceVersionDate "2015.10.08"]
[SourceQuality "1"]

1. e4 e5 2. Nf3 Nc6 3. d4 exd4 4. Nxd4 Bc5 5. Nb3 Bb6 6. Nc3 Nge7 7. Bg5 0-0 8. Qd2 f6 9. Bh4 d6 10. Bc4+ Kh8 11. f4 Ng6 12. Bg3 f5 13. 0-0-0 fxe4 14. Nxe4 Re8 15. Rde1 Be6 16. Bxe6 Rxe6 17. f5 Rxe4 18. Rxe4 Nge5 19. Bh4 Qf8 20. Rf1 Qf7 21. f6 g6 22. Bg5 Nc4 23. Qe1 N6e5 24. Bh6 Re8 25. Bg7+ Kg8 26. Kb1 d5 27. Re2 d4 28. Rf4 c5 29. Qh4 Ne3 30. Qxh7+ Kxh7 31. Rh4+ 1-0

[Event "Kishinev op"]
[Site "Kishinev"]
[Date "2014.01.19"]
[Round "2"]
[White "Slanina, Laurentiu"]
[Black "Hincu, Olga"]
[Result "1-0"]
[WhiteElo "1683"]
[BlackElo "2013"]
[PlyCount "109"]
[EventDate "2014.01.18"]
[EventType "swiss"]
[EventRounds "9"]
[EventCountry "MDA"]
[SourceTitle "EXT 2016"]
[Source "ChessBase"]
[SourceDate "2015.10.08"]
[SourceVersion "1"]
[SourceVersionDate "2015.10.08"]
[SourceQuality "1"]

1. d4 d5 2. c4 e6 3. Nc3 Nf6 4. cxd5 exd5 5. Bg5 c6 6. Qc2 Nbd7 7. e3 Be7 8. Bd3 0-0 9. Nf3 Re8 10. 0-0 Nf8 11. h3 Be6 12. Rae1 Rc8 13. Ne5 N6d7 14. Bxe7 Qxe7 15. f4 f6 16. Nf3 c5 17. Qf2 Qd6 18. Bb1 Bf7 19. a3 a6 20. dxc5 Nxc5 21. Rd1 Red8 22. Ba2 Qc6 23. Nd4 Qe8 24. Qg3 Ne4 25. Nxe4 Qxe4 26. Bb1 Qe8 27. Nf5 Bg6 28. Nxg7 Kxg7 29. f5 Rc6 30. fxg6 hxg6 31. Rd4 Qe5 32. Qf3 Ne6 33. Rg4 Ng5 34. Qf4 Re8 35. h4 Ne4 36. Bxe4 dxe4 37. Rd1 Rc7 38. Rd4 f5 39. Qxe5+ Rxe5 40. Rg5 Re6 41. Rb4 Kf6 42. Kf2 Rd6 43. Kg3 Rd3 44. Kf4 Rh7 45. Rb6+ Ke7 46. Rxb7+ Rd7 47. Rxd7+ Kxd7 48. g3 Rh6 49. Ke5 Ke7 50. b4 Kf7 51. g4 fxg4 52. Rxg4 a5 53. Kxe4 axb4 54. axb4 Rh5 55. Kd4 1-0